Elementos para un proyecto alternativo de desarrollo /

Guardat en:
Dades bibliogràfiques
Autor principal: Zermeño, Felipe
Format: Text
Etiquetes: Afegir etiqueta
Sense etiquetes, Sigues el primer a etiquetar aquest registre!

MARC

LEADER 00000 a a2200000 04500
001 46590
003
040
100 |a Zermeño, Felipe  
245 |a Elementos para un proyecto alternativo de desarrollo /  |c Felipe Zermeño  
773 |g páginas 173-191  
999 |c 23264  |d 23264